<?xml version="1.0" encoding="UTF-8"?>
<record
    xmlns:xsi="http://www.w3.org/2001/XMLSchema-instance"
    xsi:schemaLocation="http://www.loc.gov/MARC21/slim http://www.loc.gov/standards/marcxml/schema/MARC21slim.xsd"
    xmlns="http://www.loc.gov/MARC21/slim">

  <leader>01261cam a2200277 a 4500</leader>
  <controlfield tag="001">000002792</controlfield>
  <controlfield tag="005">20200929150245.0</controlfield>
  <controlfield tag="008">001106s2000    sp       b    001 0dspa  </controlfield>
  <datafield tag="020" ind1=" " ind2=" ">
    <subfield code="a">8427713339</subfield>
  </datafield>
  <datafield tag="040" ind1=" " ind2=" ">
    <subfield code="a">DO-SdBNP</subfield>
    <subfield code="c">DLC</subfield>
    <subfield code="d">DLC</subfield>
  </datafield>
  <datafield tag="082" ind1=" " ind2=" ">
    <subfield code="a">860.9</subfield>
    <subfield code="b">L864p</subfield>
  </datafield>
  <datafield tag="100" ind1="1" ind2=" ">
    <subfield code="a">L&#xF3;pez Cabrales, Mar&#xED;a del Mar</subfield>
    <subfield code="d">1967-?</subfield>
    <subfield code="9">8815</subfield>
  </datafield>
  <datafield tag="245" ind1="1" ind2="0">
    <subfield code="a">Palabras de mujeres :</subfield>
    <subfield code="b">escritoras espa&#xF1;olas contempor&#xE1;neas. /</subfield>
    <subfield code="c">Mar&#xED;a del Mar L&#xF3;pez-Cabrales; pr&#xF3;logo de Francisco Solano.</subfield>
  </datafield>
  <datafield tag="260" ind1=" " ind2=" ">
    <subfield code="a">Madrid :</subfield>
    <subfield code="b">Narcea,</subfield>
    <subfield code="c">2000.</subfield>
  </datafield>
  <datafield tag="300" ind1=" " ind2=" ">
    <subfield code="a">206 p. ;</subfield>
    <subfield code="c">22 cm.</subfield>
  </datafield>
  <datafield tag="490" ind1="1" ind2=" ">
    <subfield code="a">Mujeres</subfield>
  </datafield>
  <datafield tag="500" ind1=" " ind2=" ">
    <subfield code="a">entrevistas realizadas por: Mar&#xED;a del Mar L&#xF3;pez-Cabrales</subfield>
  </datafield>
  <datafield tag="504" ind1=" " ind2=" ">
    <subfield code="a">Incluye referencias bibliogr&#xE1;ficas p.[204-206.]</subfield>
  </datafield>
  <datafield tag="505" ind1="0" ind2=" ">
    <subfield code="a">Ana Rossetti -- Juana Salabert -- Bel&#xE9;n Gopegui -- Marta Sanz -- Irene Gracia -- Elvira Lindo -- Soledad Pu&#xE9;rtolas -- Josefina Aldecoa -- Rosa Reg&#xE1;s -- Esther Tusquets -- Cristina Fern&#xE1;ndez Cubas -- Ana Mar&#xED;a Moix -- Dulce Chac&#xF3;n.</subfield>
  </datafield>
  <datafield tag="650" ind1=" " ind2="4">
    <subfield code="a">Escritoras espa&#xF1;olas</subfield>
    <subfield code="x">Entrevistas</subfield>
    <subfield code="9">8816</subfield>
  </datafield>
  <datafield tag="650" ind1=" " ind2="4">
    <subfield code="a">Literatura espa&#xF1;ola</subfield>
    <subfield code="z">Autoras</subfield>
    <subfield code="x">Historia y cr&#xED;tica</subfield>
    <subfield code="9">8817</subfield>
  </datafield>
  <datafield tag="650" ind1=" " ind2="4">
    <subfield code="a">Autoras espa&#xF1;olas</subfield>
    <subfield code="y">SIGLO 20</subfield>
    <subfield code="v">ENTREVISTAS</subfield>
    <subfield code="9">8818</subfield>
  </datafield>
  <datafield tag="700" ind1="1" ind2=" ">
    <subfield code="a">Solano, Francisco</subfield>
    <subfield code="e">prol.</subfield>
    <subfield code="9">8819</subfield>
  </datafield>
  <datafield tag="830" ind1=" " ind2="0">
    <subfield code="a">Mujeres.</subfield>
    <subfield code="9">8820</subfield>
  </datafield>
  <datafield tag="910" ind1=" " ind2=" ">
    <subfield code="a">Catalogaci&#xF3;n por copia / LC</subfield>
  </datafield>
  <datafield tag="952" ind1=" " ind2=" ">
    <subfield code="0">0</subfield>
    <subfield code="1">0</subfield>
    <subfield code="5">2</subfield>
    <subfield code="7">0</subfield>
    <subfield code="8">MO</subfield>
    <subfield code="a">GR</subfield>
    <subfield code="b">GR</subfield>
    <subfield code="c">CT</subfield>
    <subfield code="d">2009-07-14</subfield>
    <subfield code="i">LF1</subfield>
    <subfield code="l">0</subfield>
    <subfield code="o">860.9 L864p</subfield>
    <subfield code="p">2792-10</subfield>
    <subfield code="r">2020-06-25</subfield>
    <subfield code="w">2020-06-25</subfield>
    <subfield code="y">2</subfield>
    <subfield code="Z">Pr&#xE9;stamo interno</subfield>
  </datafield>
  <datafield tag="999" ind1=" " ind2=" ">
    <subfield code="c">2626</subfield>
    <subfield code="d">2626</subfield>
  </datafield>
</record>
